<?xml version="1.0" encoding="UTF-8"?><?xml-stylesheet type="text/xsl" href="static/style.xsl"?><OAI-PMH xmlns="http://www.openarchives.org/OAI/2.0/" xmlns:xsi="http://www.w3.org/2001/XMLSchema-instance" xsi:schemaLocation="http://www.openarchives.org/OAI/2.0/ http://www.openarchives.org/OAI/2.0/OAI-PMH.xsd"><responseDate>2026-04-17T05:28:36Z</responseDate><request verb="GetRecord" identifier="oai:www.recercat.cat:2117/444618" metadataPrefix="marc">https://recercat.cat/oai/request</request><GetRecord><record><header><identifier>oai:recercat.cat:2117/444618</identifier><datestamp>2026-03-08T00:09:23Z</datestamp><setSpec>com_2072_1033</setSpec><setSpec>col_2072_452949</setSpec></header><metadata><record xmlns="http://www.loc.gov/MARC21/slim" xmlns:dcterms="http://purl.org/dc/terms/" xmlns:xsi="http://www.w3.org/2001/XMLSchema-instance" xmlns:doc="http://www.lyncode.com/xoai" xsi:schemaLocation="http://www.loc.gov/MARC21/slim http://www.loc.gov/standards/marcxml/schema/MARC21slim.xsd">
   <leader>00925njm 22002777a 4500</leader>
   <datafield ind2=" " ind1=" " tag="042">
      <subfield code="a">dc</subfield>
   </datafield>
   <datafield ind2=" " ind1=" " tag="720">
      <subfield code="a">López Medina, José María</subfield>
      <subfield code="e">author</subfield>
   </datafield>
   <datafield ind2=" " ind1=" " tag="720">
      <subfield code="a">Díaz García, Vicente Javier</subfield>
      <subfield code="e">author</subfield>
   </datafield>
   <datafield ind2=" " ind1=" " tag="260">
      <subfield code="c">2025-10-28</subfield>
   </datafield>
   <datafield ind2=" " ind1=" " tag="520">
      <subfield code="a">La experiencia se desarrolla en la asignatura Hábitat y desarrollo (ULPGC), que busca iniciar al alumnado de arquitectura en metodologías participativas vinculadas a la Agenda Urbana Española. El curso propone un aprendizaje-servicio situado en el barrio de Arenales (Las Palmas de Gran Canaria), donde los estudiantes, desde un enfoque de Research by Design orientado al diseño de procesos, combinaron herramientas urbanísticas con investigación-acción-participativa. El itinerario incluyó diagnóstico técnico, diagnóstico participado y propuestas de intervención, concluyendo en un “mercadillo de ideas” abierto al vecindario. El proceso generó dieciocho propuestas de mejora urbana y permitió aprendizajes significativos en participación, cooperación y diálogo con actores reales. La experiencia confirma que el aprendizaje-servicio fortalece competencias transversales y aporta conocimiento situado a procesos de transformación social.</subfield>
   </datafield>
   <datafield ind2=" " ind1=" " tag="520">
      <subfield code="a">This experience took place in the course Habitat and Development (ULPGC), aimed at introducing architecture students to participatory methodologies framed by Spain’s Urban Agenda. Service-learning was situated in the Arenales neighborhood of Las Palmas de Gran Canaria, where students, through a Research by Design approach focused on process design, combined planning tools with participatory action research. The sequence moved from technical pre-diagnosis to participatory diagnosis and intervention proposals, culminating in an “ideas marketplace” with residents. The outcome was eighteen proposals for urban improvement and meaningful learning in participation, cooperation, and engagement with real stakeholders. The case confirms that service-learning strengthens transversal competences and provides situated knowledge for social transformation processes.</subfield>
   </datafield>
   <datafield ind2=" " ind1=" " tag="520">
      <subfield code="a">El Congreso (22893/OC/25) ha sido financiado por la Consejería de Medio Ambiente, Universidades, Investigación y Mar Menor, a través de la Fundación Séneca-Agencia de Ciencia y Tecnología de la Región de Murcia (http://www.fseneca.es) con cargo al Programa Regional de Movilidad, Colaboración internacional e Intercambio de Conocimiento “Jiménez de la Espada” en el marco de la convocatoria de ayudas a la organización de congresos y reuniones científico-técnicas (plan de actuación 2025). Agradecimientos: Agradecemos especialmente su motivación y esfuerzo a las personas y entidades del barrio que se han implicado en la actividad, así como el compromiso y la actitud mantenidos por el alumnado en su conjunto. Esta experiencia ha sido posible a partir del encuentro y el intercambio entre ambas partes.</subfield>
   </datafield>
   <datafield ind2=" " ind1=" " tag="520">
      <subfield code="a">Peer Reviewed</subfield>
   </datafield>
   <datafield tag="653" ind2=" " ind1=" ">
      <subfield code="a">Àrees temàtiques de la UPC::Arquitectura</subfield>
   </datafield>
   <datafield tag="653" ind2=" " ind1=" ">
      <subfield code="a">Àrees temàtiques de la UPC::Urbanisme</subfield>
   </datafield>
   <datafield tag="653" ind2=" " ind1=" ">
      <subfield code="a">Àrees temàtiques de la UPC::Ensenyament i aprenentatge</subfield>
   </datafield>
   <datafield tag="653" ind2=" " ind1=" ">
      <subfield code="a">Architecture -- Study and teaching (Higher)</subfield>
   </datafield>
   <datafield tag="653" ind2=" " ind1=" ">
      <subfield code="a">City planning -- Study and teaching</subfield>
   </datafield>
   <datafield tag="653" ind2=" " ind1=" ">
      <subfield code="a">Service learning</subfield>
   </datafield>
   <datafield tag="653" ind2=" " ind1=" ">
      <subfield code="a">Place-based education</subfield>
   </datafield>
   <datafield tag="653" ind2=" " ind1=" ">
      <subfield code="a">Aprendizaje-servicio</subfield>
   </datafield>
   <datafield tag="653" ind2=" " ind1=" ">
      <subfield code="a">Participación</subfield>
   </datafield>
   <datafield tag="653" ind2=" " ind1=" ">
      <subfield code="a">Agenda urbana</subfield>
   </datafield>
   <datafield tag="653" ind2=" " ind1=" ">
      <subfield code="a">Barrios</subfield>
   </datafield>
   <datafield tag="653" ind2=" " ind1=" ">
      <subfield code="a">Transición ecosocial</subfield>
   </datafield>
   <datafield tag="653" ind2=" " ind1=" ">
      <subfield code="a">Service-learning</subfield>
   </datafield>
   <datafield tag="653" ind2=" " ind1=" ">
      <subfield code="a">Participation</subfield>
   </datafield>
   <datafield tag="653" ind2=" " ind1=" ">
      <subfield code="a">Urban agenda</subfield>
   </datafield>
   <datafield tag="653" ind2=" " ind1=" ">
      <subfield code="a">Neighborhoods</subfield>
   </datafield>
   <datafield tag="653" ind2=" " ind1=" ">
      <subfield code="a">Ecosocial transition</subfield>
   </datafield>
   <datafield tag="653" ind2=" " ind1=" ">
      <subfield code="a">Arquitectura -- Ensenyament universitari</subfield>
   </datafield>
   <datafield tag="653" ind2=" " ind1=" ">
      <subfield code="a">Urbanisme -- Ensenyament universitari</subfield>
   </datafield>
   <datafield tag="653" ind2=" " ind1=" ">
      <subfield code="a">Aprenentatge servei</subfield>
   </datafield>
   <datafield tag="653" ind2=" " ind1=" ">
      <subfield code="a">Educació pel territori</subfield>
   </datafield>
   <datafield ind2="0" ind1="0" tag="245">
      <subfield code="a">Lo importante es participar: urbanismo ecosocial con los pies en el barrio</subfield>
   </datafield>
   <datafield ind2="0" ind1="0" tag="245">
      <subfield code="a">The important thing is to participate: neighbourhood-based eco-social urbanism</subfield>
   </datafield>
</record></metadata></record></GetRecord></OAI-PMH>